000 00750nam a2200229 a 4500
001 114683
003 DR-UNIBE
005 20260525101837.0
008 260525s2006 pe b 001 0 spa
020 _a9789972224331
040 _aBIBLIOTECA UNIBE
_cBIBLIOTECA UNIBE
_erda
041 _aspa
082 _a342.46 P438p
100 1 _aPérez Tremps, Pablo,
_d 1956-2021
_eautor
_9203258
245 1 4 _aLos procesos constitucionales.
_bLa experiencia española /
_cPablo Pérez Tremps
260 _aLima :
_bPalestra Editores,
_c2006
300 _a173 páginas
490 _aSerie derechos y garantías ;
_v15
650 7 _2lemb
_aDerecho constitucional
_zEspaña
_926811
650 7 _aGarantías constitucionales
_zEspaña
_9205420
942 _2ddc
_cBK
999 _c114683
_d114683